| 000 | 00883nam a2200265 i 4500 | ||
|---|---|---|---|
| 003 | DO-SdBNP | ||
| 005 | 20250502095629.0 | ||
| 007 | ta | ||
| 008 | 240612s1994 dr 000 j spa d | ||
| 040 |
_aDO-SdBNP _bspa _cBNPHU _erda |
||
| 041 | _hspa | ||
| 082 | 4 |
_axxx _bxxx _222 |
|
| 100 | _910749 | ||
| 245 | 0 | 3 |
_aLa República Dominicana frente al TLC y el Gatt / _cedición y prólogo, Eduardo J. Tejera |
| 264 | 4 |
_aSanto Domingo : _bFundación de Estudios Económicos, _c©1994. |
|
| 300 |
_a203 páginas ; _c23 cm. |
||
| 336 |
_atexto _btxt _2rdacontent |
||
| 337 |
_asin mediación _bn _2rdamedia |
||
| 338 |
_avolumen _bnc _2rdacarrier |
||
| 500 | _aIncluye referencias bibliográficas y notas al pie de las páginas | ||
| 590 | _aInventariado, 2025/BT | ||
| 700 |
_aTejera, Eduardo J., _eeditor y prologuista _4ed. y pr. _987644 |
||
| 910 | _aBtavárez | ||
| 942 |
_2ddc _cLBS1 |
||
| 999 |
_c58918 _d58918 |
||